000 00492nam a2200181Ia 4500
005 20250326125851.0
008 250326s9999 xx 000 0 und d
037 _aTextbook
040 _aFMSL
_beng
_cFMSL
041 _aeng
_2eng
084 _aX:8 N6
_qFMSL
100 _aA I F E A
_9739833
245 0 _aHandbook of teaches organisations
_cA I F E A
260 _aNew Delhi
_bNew Delhi, A I F E A
_c1966
300 _a239p
942 _cTB
_hX:8 N6
999 _c1279931
_d1279931